[Event "Ch Austria (1/2 final)"]
[Site "masterchessopen.com Finkenstein (Austria)"]
[Round "0"]
[White "Kwatschewsky Leo (AUT)"]
[Black "Raubal Martin (AUT)"]
[Result "1-0"]
[WhiteElo "2194"]
[BlackElo "2202"]

1.d4 Nf6 2.c4 g6 3.Nc3 Bg7 4.e4 d6 5.Be2 O-O 6.Bg5 h6 7.Be3 e5 8.d5 a5 9.Qd2
Kh7 10.f3 Na6 11.g4 Nc5 12.Nh3 Qe7 13.Nf2 c6 14.h4 Ne8 15.h5 g5 16.Rd1 Nd7
17.dxc6 bxc6 18.O-O Rg8 19.Nh1 Nf8 20.Ng3 Be6 21.Qc2 Kh8 22.c5 dxc5 23.Na4 Nd7
24.Nxc5 Nxc5 25.Bxc5 Qb7 26.b3 Nc7 27.Kg2 Nb5 28.Bc4 Rad8 29.Nf5 Bxf5 30.exf5
Nd4 31.Qe4 Rge8 32.f6 Bf8 33.Bd3 Nf5 34.Bb1 Rxd1 35.Rxd1 Qc8 36.Bxf8 {#r} 1-0

[Event "Bundesliga 1989/90 (2nd)"]
[Site "masterchessopen.com Germany"]
[Round "0"]
[White "Henrich Thomas (GER)"]
[Black "Reinhardt Bernd (GER)"]
[Result "1-0"]
[WhiteElo "2222"]
[BlackElo "2358"]

1.d4 Nf6 2.c4 g6 3.Nc3 Bg7 4.e4 d6 5.Be2 O-O 6.Bg5 h6 7.Be3 e5 8.d5 Kh7 9.h4
c6 10.h5 g5 11.f3 Ng8 12.Bd3 Ne7 13.g4 Kg8 14.Nge2 b5 15.O-O bxc4 16.Bxc4 c5
17.a3 Nd7 18.b4 cxb4 19.axb4 Nf6 20.Ng3 Bd7 21.Qe2 Qb8 22.Rfb1 Rc8 23.Na2 Rc7
24.Ba6 Ne8 25.b5 Qd8 26.Nb4 Nc8 27.Qf2 Nf6 28.Rd1 Qe8 29.Nc6 Ne7 30.Nxa7 Bxg4
31.b6 Rc3 32.Nb5 Rxe3 33.Qxe3 Qd7 34.Nc7 Rb8 35.Bb5 Qc8 36.Na6 Ra8 37.Rdc1 Qd8
38.b7 {#r} 1-0

[Event "It (open)"]
[Site "masterchessopen.com Groningen (Netherlands)"]
[Round "1"]
[White "Tukmakov Vladimir B (UKR)"]
[Black "Visser Yge (NED)"]
[Result "1-0"]
[WhiteElo "2520"]
[BlackElo "2340"]

1.d4 Nf6 2.c4 g6 3.Nc3 Bg7 4.e4 d6 5.Be2 O-O 6.Bg5 h6 7.Be3 c5 8.dxc5 Qa5
9.Bd2 Qxc5 10.Nf3 Be6 11.Be3 Qa5 12.Nd2 Nc6 13.O-O Rfc8 14.f4 Nh7 15.Nb3 Qd8
16.f5 Bd7 17.c5 Ne5 18.cxd6 exd6 19.Qxd6 Rc6 20.Qd2 Nf6 21.Bxh6 Qb6+ 22.Kh1
{#r} 1-0

[Event "It"]
[Site "masterchessopen.com Mar del Plata (Argentina)"]
[Round "4"]
[White "Letelier Rene (CHI)"]
[Black "Servat Roberto (ARG)"]
[Result "0-1"]
[WhiteElo "2151"]
[BlackElo "2436"]

1.c4 g6 2.Nc3 Bg7 3.d4 Nf6 4.e4 d6 5.Be2 O-O 6.Bg5 h6 7.Be3 e5 8.d5 c6 9.h3
cxd5 10.cxd5 Nh7 11.Qd2 h5 12.g4 h4 13.Nf3 a6 14.O-O-O b5 15.Kb1 Nd7 16.Rc1
Nc5 17.b4 Nd7 18.Bd3 Rb8 19.Qe2 Nb6 20.Nd2 a5 21.a3 axb4 22.axb4 Nc4 23.Nb3
Nxe3 24.Qxe3 Bf6 25.Rc2 Bg5 26.Qe2 Bd7 27.Na5 Qb6 28.Nc6 Bxc6 29.dxc6 Qxc6
30.Nd5 Qd7 31.Rc7 Qd8 32.Ra7 Nf6 33.Nxf6+ Qxf6 34.Rd1 d5 35.exd5 e4 36.Bxe4
Qd6 37.Qb2 Rfc8 38.f3 Rc4 39.Ka2 Rxb4 40.Qa3 Qh2+ {#R} 0-1

[Event "It (b)"]
[Site "masterchessopen.com Moscow (Russia)"]
[Round "0"]
[White "Iashvili Akaki (GEO)"]
[Black "Kozlov Vladimir N (RUS)"]
[Result "1-0"]
[WhiteElo "2342"]
[BlackElo "2268"]

1.c4 Nf6 2.d4 g6 3.Nc3 Bg7 4.e4 d6 5.Be2 O-O 6.Bg5 h6 7.Be3 e5 8.d5 Nbd7 9.Qd2
Nc5 10.f3 a5 11.Bd1 Nh5 12.Nge2 f5 13.Bc2 Qh4+ 14.Bf2 Qe7 15.exf5 gxf5 16.Ng3
Qf7 17.O-O-O Bd7 18.Kb1 a4 19.Rhe1 Ra6 20.Nxh5 Qxh5 21.f4 e4 22.h3 Qf7 23.Bd4
Kh8 24.Nb5 Bxb5 25.cxb5 Rb6 26.g4 Rxb5 27.Rg1 a3 28.gxf5 Bxd4 29.Qxd4+ Kh7
30.b3 Rg8 31.Rxg8 Qxg8 32.Rg1 Qf7 33.f6 Kh8 34.Rg7 Qh5 35.Rxc7 {#r} 1-0

[Event "Olympiad"]
[Site "masterchessopen.com Novi Sad (Yugoslavia)"]
[Round "0"]
[White "Nascimento Alexandre (ANG)"]
[Black "Sursock Sameer (LIB)"]
[Result "1-0"]
[WhiteElo "2145"]
[BlackElo "2260"]

1.d4 Nf6 2.c4 g6 3.Nc3 Bg7 4.e4 O-O 5.Be2 d6 6.Bg5 h6 7.Be3 e5 8.d5 c6 9.Qd2
cxd5 10.cxd5 h5 11.Nf3 Ng4 12.Bg5 Qb6 13.h3 Qxf2+ 14.Kd1 Nf6 15.Be3 Qg3 16.Bd3
Na6 17.Rh2 Bg4 18.hxg4 Nxg4 19.Ne2 Nxe3+ 20.Qxe3 Qg4 21.Rh4 Qxg2 22.Kd2 Bh6
23.Qxh6 Qxf3 24.Rg1 {#r} 1-0

[Event "Ch URS (club)"]
[Site "masterchessopen.com Podolsk (Russia)"]
[Round "0"]
[White "Petrosian Arshak B (ARM)"]
[Black "Mochalov Evgeny V (BLR)"]
[Result "1-0"]
[WhiteElo "2500"]
[BlackElo "2379"]

1.d4 Nf6 2.c4 g6 3.Nc3 Bg7 4.e4 d6 5.Be2 O-O 6.Bg5 h6 7.Be3 e5 8.d5 c6 9.Qd2
h5 10.f3 cxd5 11.cxd5 a6 12.Bd3 Nbd7 13.Nge2 b5 14.b4 Nb6 15.a4 bxa4 16.Nxa4
Nbxd5 17.exd5 e4 18.fxe4 Nxe4 19.Bxe4 Bxa1 20.O-O Be5 21.Nb6 Rb8 22.Nc4 Bxh2+
23.Kxh2 Qh4+ 24.Kg1 Qxe4 25.Bd4 Kh7 26.Nc3 Qh4 27.Rf4 Bg4 28.Bf6 Qg3 29.Ne4
Qb3 30.Rxg4 hxg4 31.Qg5 Qd1+ 32.Kh2 Qe1 33.g3 {#r} 1-0

[Event "Tournament (team)"]
[Site "masterchessopen.com Pula (Croatia)"]
[Round "4"]
[White "Muse Mladen (CRO)"]
[Black "Stanojevic Branko (SRB)"]
[Result "1-0"]
[WhiteElo "2443"]
[BlackElo "2282"]

1.d4 Nf6 2.c4 d6 3.Nc3 g6 4.e4 Bg7 5.Be2 O-O 6.Bg5 h6 7.Be3 e5 8.d5 Nbd7 9.g4
Nc5 10.f3 a5 11.h4 Ne8 12.Qd2 Kh7 13.h5 g5 14.Nh3 Bf6 15.O-O Bd7 16.Nf2 Be7
17.b3 Nf6 18.Qb2 c6 19.dxc6 bxc6 20.Bxc5 dxc5 21.Na4 Qc7 22.Rad1 Be6 23.Nd3
Rfd8 24.Qxe5 Bd6 25.Qb2 Bh2+ 26.Kh1 Qg3 27.Rf2 Rxd3 28.Bxd3 Rd8 29.Rff1 Nxg4
30.fxg4 Rxd3 {#r} 1-0

[Event "It (open)"]
[Site "masterchessopen.com Reykjavik (Iceland)"]
[Round "34"]
[White "Seirawan Yasser (USA)"]
[Black "Gudmundsson Kristjan (ISL)"]
[Result "1-0"]
[WhiteElo "2635"]
[BlackElo "2277"]

1.c4 Nf6 2.Nc3 g6 3.e4 d6 4.d4 Bg7 5.Be2 O-O 6.Bg5 h6 7.Be3 c5 8.e5 dxe5
9.dxe5 Qxd1+ 10.Rxd1 Nfd7 11.f4 Na6 12.Bf3 Re8 13.Nge2 Nf8 14.Kf2 f6 15.exf6
Bxf6 16.Rd2 Kg7 17.Ne4 Ne6 18.Nxf6 exf6 19.Rhd1 Nac7 20.g4 f5 21.gxf5 gxf5
22.Ng3 Rf8 23.Rd6 Rb8 24.Bd2 Nd4 25.Bc3 b5 26.Rc6 Ne6 27.Rxc5 Nxc5 28.Bxd4+
Kh7 29.Bxc5 Rf7 30.Bd6 Rb6 31.c5 Ra6 32.Be5 {#r} 1-0

[Event "It (open)"]
[Site "masterchessopen.com Rome (Italy)"]
[Round "0"]
[White "Palatnik Semon (USA)"]
[Black "Lanka Zigurds (LAT)"]
[Result "0-1"]
[WhiteElo "2440"]
[BlackElo "2480"]

1.d4 Nf6 2.c4 g6 3.Nc3 Bg7 4.e4 d6 5.Be2 O-O 6.Bg5 h6 7.Be3 e5 8.d5 Nbd7 9.Qd2
Nc5 10.f3 Nh5 11.b4 Nd7 12.g3 a5 13.bxa5 Kh7 14.Nb5 Nc5 15.Rd1 Bd7 16.Kf1 Na6
17.Kg2 Rg8 18.Nh3 f5 19.exf5 gxf5 20.f4 Qe8 21.Rhe1 Nf6 22.Nf2 Qg6 23.Rb1 Rae8
24.Na7 exf4 25.Bxf4 Nc5 26.Nb5 Nfe4 27.Nxe4 Nxe4 28.Qc1 Bxb5 29.Rxb5 Bc3
30.Rf1 Bd2 31.Qc2 Bxf4 32.Rxf4 Nxg3 33.Rg4 fxg4 34.Bd3 Ne4 35.Rxb7 Rg7 36.a6
g3 37.h4 Qg4 38.a7 Qxh4 39.a8=Q Qh2+ 40.Kf3 Rf7+ {#R} 0-1

[Event "It (open)"]
[Site "masterchessopen.com San Bernadino Brocco (Switzerland)"]
[Round "0"]
[White "Petursson Margeir (ISL)"]
[Black "Gallagher Joseph G (SUI)"]
[Result "1-0"]
[WhiteElo "2555"]
[BlackElo "2495"]

1.d4 Nf6 2.c4 g6 3.Nc3 Bg7 4.e4 d6 5.Be2 O-O 6.Bg5 h6 7.Be3 e5 8.d5 c6 9.Qd2
h5 10.f3 cxd5 11.cxd5 Bd7 12.Bd3 Na6 13.Nge2 Nc5 14.Bc2 a5 15.a4 Ne8 16.O-O
Nc7 17.Ra3 N7a6 18.Nb5 Qb6 19.Bd3 Nc7 20.Nec3 Rac8 21.Kh1 Nxb5 22.Bxb5 Bxb5
23.Nxb5 Qa6 24.Rc1 f5 25.exf5 gxf5 26.Rac3 b6 27.Bh6 f4 28.Bxg7 Kxg7 29.Nxd6
Rcd8 30.Ne4 Ne6 31.Rc4 Rd7 32.h3 Rfd8 33.d6 Qb7 34.Qf2 Rxd6 35.Nxd6 Rxd6
36.Re1 Qd5 37.Qh4 Kg6 38.Rce4 {#r} 1-0

[Event "Ch Argentina"]
[Site "masterchessopen.com San Luis (Argentina)"]
[Round "8"]
[White "Panno Oscar (ARG)"]
[Black "Boissonet Carlos P (ARG)"]
[Result "0-1"]
[WhiteElo "2438"]
[BlackElo "2430"]

1.c4 Nf6 2.Nc3 g6 3.e4 d6 4.d4 Bg7 5.Be2 O-O 6.Bg5 h6 7.Be3 e5 8.d5 a5 9.Qd2
h5 10.h3 Na6 11.O-O-O Nc5 12.Qc2 Qe8 13.f3 Nh7 14.g4 h4 15.g5 Qe7 16.Qd2 f5
17.exf5 Bxf5 18.Rh2 a4 19.Rg2 e4 20.Bd4 Nd3+ 21.Bxd3 exd3 22.Re1 Qf7 23.Qf2 c5
24.Bxg7 Qxg7 25.Kd2 Rfe8 26.Rxe8+ Rxe8 27.f4 Qc7 28.Nf3 Qb6 29.Kd1 Qb4 30.Nxh4
Bxh3 31.Rg3 a3 32.Rxh3 axb2 33.Nb1 Qa4+ 34.Kd2 Qc2# 0-1

[Event "It"]
[Site "masterchessopen.com Slofok (Hungary)"]
[Round "0"]
[White "Kallai Gabor (HUN)"]
[Black "Gurevich Vladimir (UKR)"]
[Result "1-0"]
[WhiteElo "2410"]
[BlackElo "2450"]

1.d4 Nf6 2.c4 g6 3.Nc3 Bg7 4.e4 d6 5.Be2 O-O 6.Bg5 h6 7.Be3 e5 8.d5 Nbd7 9.Qd2
Nc5 10.f3 Nh5 11.O-O-O Kh7 12.g3 Qe8 13.b4 Na4 14.Nb5 Qe7 15.Qc2 Bd7 16.Qxa4
a6 17.Qb3 axb5 18.cxb5 c6 19.bxc6 bxc6 20.dxc6 Bxc6 21.b5 Bd7 22.Bc4 Rfc8
23.Kb2 Nf6 24.Ne2 d5 25.Bxd5 Bxb5 26.Bxa8 Bxe2 27.Rd2 Bc4 28.Qa4 Rb8+ 29.Ka1
Bb5 30.Qa5 Qe8 31.Rb2 {#r} 1-0

[Event "?"]
[Site "masterchessopen.com Tampere (Finland)"]
[Round "0"]
[White "Tyni Jukka-Pekka (FIN)"]
[Black "Maki Veijo (FIN)"]
[Result "0-1"]
[WhiteElo "2280"]
[BlackElo "2400"]

1.d4 Nf6 2.c4 g6 3.Nc3 Bg7 4.e4 O-O 5.Be2 d6 6.Bg5 h6 7.Be3 e5 8.d5 c6 9.Qd2
cxd5 10.cxd5 h5 11.f3 a6 12.h4 b5 13.Nh3 Bxh3 14.Rxh3 Nbd7 15.Nd1 Nc5 16.Nf2
Qd7 17.b4 Na4 18.g4 Rfc8 19.Bg5 Qa7 20.Rb1 hxg4 21.fxg4 Qxf2+ 22.Kxf2 Nxe4+
23.Ke1 Nxd2 24.Kxd2 e4 25.Rbb3 Nb6 26.h5 Nxd5 27.h6 Be5 {#R} 0-1

[Event "It \"]
[Site "masterchessopen.com Tilburg (Netherlands)"]
[Round "0"]
[White "Seirawan Yasser (USA)"]
[Black "Timman Jan H (NED)"]
[Result "0-1"]
[WhiteElo "2635"]
[BlackElo "2660"]

1.d4 Nf6 2.c4 g6 3.Nc3 Bg7 4.e4 d6 5.Be2 O-O 6.Bg5 h6 7.Be3 c5 8.dxc5 Qa5
9.Qd2 dxc5 10.Bxh6 Rd8 11.Qe3 Bxh6 12.Qxh6 Nxe4 13.Rc1 Nc6 14.Nf3 Nd4 15.h4
Nxe2 16.Ng5 Nf6 17.Kxe2 Bf5 18.f3 Qb4 19.b3 Qa3 20.Kf2 Rd2+ 21.Kg3 Rxg2+
22.Kxg2 Qb2+ 23.Kg3 Nh5+ 24.Qxh5 gxh5 25.Nd5 Kf8 26.Rcd1 e6 27.Nf4 Ke7 28.Rh2
Qe5 29.Rhd2 Qc7 30.Nxf7 Rg8+ 31.Ng5 Rxg5+ 32.hxg5 h4+ 33.Kf2 Qxf4 34.Rd7+ Ke8
35.Rd8+ Kf7 36.R1d7+ Kg6 37.Rg8+ Kh5 38.Rdg7 Qd2+ 39.Kg1 Qe1+ {#R} 0-1

[Event "It \"]
[Site "masterchessopen.com USA"]
[Round "0"]
[White "Gurevich Dmitry (USA)"]
[Black "Brock William (USA)"]
[Result "1-0"]
[WhiteElo "2470"]
[BlackElo "2037"]

1.d4 Nf6 2.c4 g6 3.Nc3 Bg7 4.e4 d6 5.Be2 O-O 6.Bg5 h6 7.Be3 e5 8.d5 Kh7 9.g4
Ng8 10.h4 f5 11.h5 f4 12.hxg6+ Kxg6 13.Bd2 Bf6 14.Nf3 Bg5 15.Qc2 c5 16.dxc6
bxc6 17.c5 Ba6 18.cxd6 Qxd6 19.O-O-O Qe6 20.Qa4 Bxe2 21.Nxe2 Nd7 22.Bc3 Ngf6
23.Qa5 Qxg4 24.Nh4+ Kh7 25.f3 Qe6 26.Kc2 Nb6 27.Qxe5 Qxe5 28.Bxe5 Rad8 29.Rxd8
Rxd8 30.Nf5 Nxe4 31.fxe4 Re8 32.Bxf4 Rxe4 33.Bxg5 Rxe2+ 34.Bd2 Rf2 35.Rxh6+
Kg8 36.Rf6 Nd5 37.Nh6+ {#r} 1-0

[Event "It (open)"]
[Site "masterchessopen.com Wiesbaden (Germany)"]
[Round "0"]
[White "Schneider Veronika (HUN)"]
[Black "Schoene Ralf (GER)"]
[Result "0-1"]
[WhiteElo "2297"]
[BlackElo "2315"]

1.d4 Nf6 2.c4 g6 3.Nc3 Bg7 4.e4 d6 5.Be2 O-O 6.Bg5 h6 7.Be3 e5 8.d5 Nbd7 9.Qd2
h5 10.h3 Nc5 11.f3 a5 12.g4 Nh7 13.gxh5 Qh4+ 14.Bf2 Qxh5 15.O-O-O Bh6 16.Be3
Bxe3 17.Qxe3 Qh4 18.Bd3 Nf6 19.Bc2 Nh5 20.Nge2 Kg7 21.Rdg1 Bd7 22.Nd1 Rh8
23.Nf2 Nf4 24.Kd1 b5 25.cxb5 Nxe2 26.Qxe2 Bxb5 27.Qe1 Qf4 28.Qc3 Bd7 29.Ng4
Rab8 30.b3 Rb4 31.Qe3 Rd4+ 32.Ke2 Bb5+ 33.Ke1 Nd3+ 34.Bxd3 Qxe3+ 35.Nxe3 Rxd3
{#R} 0-1

[Event "It"]
[Site "masterchessopen.com Kecskemet (Hungary)"]
[Round "12"]
[White "Nemeth Maria (HUN)"]
[Black "Dirr Ulrich (GER)"]
[Result "0-1"]
[WhiteElo "2096"]
[BlackElo "2264"]

1.d4 Nf6 2.c4 g6 3.Nc3 Bg7 4.e4 d6 5.Be2 O-O 6.Bg5 h6 7.Be3 e5 8.Qd2 exd4
9.Bxd4 Re8 10.f3 Nc6 11.Be3 Kh7 12.O-O-O Ng8 13.g4 Ne5 14.c5 Be6 15.cxd6 cxd6
16.Qxd6 Qh4 17.Qd2 Red8 18.Qc2 Rac8 19.Kb1 Rxd1+ 20.Qxd1 Ne7 21.g5 hxg5 22.Qf1
Kg8 23.Qc1 N7c6 24.Nd5 g4 25.fxg4 Na5 26.Nc3 Nac4 27.Bg5 Qf2 28.Nh3 Qb6
29.Bxc4 Nxc4 30.Ka1 Nxb2 31.e5 Bxe5 32.Be3 Qb4 33.a3 Qxa3+ 34.Kb1 Qxc3 {#R}
0-1

[Event "It (open)"]
[Site "masterchessopen.com Baden-Baden (Germany)"]
[Round "0"]
[White "Gaprindashvili Nona (GEO)"]
[Black "Rocher Olivier (FRA)"]
[Result "1-0"]
[WhiteElo "2360"]
[BlackElo "2162"]

1.d4 Nf6 2.c4 g6 3.Nc3 Bg7 4.e4 d6 5.Be2 O-O 6.Bg5 h6 7.Be3 e5 8.d5 Nh7 9.Qd2
h5 10.O-O-O f5 11.exf5 Bxf5 12.Nf3 Nd7 13.h3 Ndf6 14.Ng5 Nxg5 15.Bxg5 Qe8
16.Rdg1 Ne4 17.Nxe4 Bxe4 18.Qe3 Bf5 19.g4 hxg4 20.hxg4 Bd7 21.Bh6 Qf7 22.Rg2
Bxh6 23.Rxh6 Kg7 24.Bd3 Qf4 25.Rxg6+ Kf7 26.Qxf4+ exf4 27.g5 Rh8 28.Rf6+ Kg7
29.Rxf4 Rh1+ 30.Kd2 Re8 31.Rg3 Ree1 32.Re3 Rxe3 33.Kxe3 Rg1 34.Rh4 {#r} 1-0

[Event "It (open) \"]
[Site "masterchessopen.com Berlin (Germany)"]
[Round "0"]
[White "Ambelang Harald (GER)"]
[Black "Kovalev Andrei (BLR)"]
[Result "0-1"]
[WhiteElo "2145"]
[BlackElo "2520"]

1.d4 Nf6 2.c4 g6 3.Nc3 Bg7 4.e4 O-O 5.Be2 d6 6.Bg5 h6 7.Bh4 c5 8.d5 b5 9.cxb5
a6 10.a4 Qa5 11.Qc2 Nxe4 12.Qxe4 Bxc3+ 13.Kf1 Bxb2 14.Rb1 Bf5 {#R} 0-1

[Event "It (open)"]
[Site "masterchessopen.com Bristol (England)"]
[Round "4"]
[White "Richards John (ENG)"]
[Black "Dilleigh Steve (ENG)"]
[Result "0-1"]
[WhiteElo "2042"]
[BlackElo "2062"]

1.d4 Nf6 2.c4 g6 3.Nc3 Bg7 4.e4 d6 5.Be2 O-O 6.Bg5 h6 7.Be3 e5 8.d5 Nbd7 9.Qd2
h5 10.h3 Nc5 11.Bf3 a5 12.Nge2 Nh7 13.g4 h4 14.Nc1 Bf6 15.Nd3 Nxd3+ 16.Qxd3 b6
17.O-O-O Bd7 18.a4 Bg5 19.Be2 Bxe3+ 20.Qxe3 Qg5 21.b3 Qxe3+ 22.fxe3 Ng5
23.Rdf1 f6 24.Bd3 Rf7 25.Ne2 Raf8 26.Rh2 Kg7 27.Ng1 f5 28.exf5 gxf5 29.Rg2 Kh6
30.gxf5 Bxf5 31.Bxf5 Rxf5 32.Rxf5 Rxf5 33.Kd2 Rf1 34.Rg4 Rxg1 35.Rxh4+ Kg7
36.Ke2 Rg2+ 37.Kf1 Rg3 38.Rg4 Rxg4 39.hxg4 Ne4 40.Ke2 Nc5 {#R} 0-1

[Event "It \"]
[Site "masterchessopen.com Budapest (Hungary)"]
[Round "4"]
[White "Kallai Gabor (HUN)"]
[Black "Pinchuk Sergey T (UZB)"]
[Result "0-1"]
[WhiteElo "2458"]
[BlackElo "2423"]

1.d4 Nf6 2.c4 g6 3.Nc3 Bg7 4.e4 O-O 5.Be2 d6 6.Bg5 h6 7.Be3 c5 8.e5 dxe5
9.dxe5 Qxd1+ 10.Rxd1 Ng4 11.Bxc5 Nxe5 12.Nd5 Na6 13.Ba3 Nc6 14.Nf3 Be6 15.O-O
Rfd8 16.Rfe1 Rd7 17.Nf4 Bf5 18.Nh4 Rxd1 19.Rxd1 Bc2 20.Rc1 Nd4 21.Bf1 g5
22.Nf3 Nxf3+ 23.gxf3 Ba4 24.Nh5 Bf8 25.b4 Be8 26.Ng3 Nc7 27.Bb2 Rd8 28.Bc3 Ne6
29.Nf5 Nf4 30.Bd4 {#R} 0-1

[Event "It \"]
[Site "masterchessopen.com Buenos Aires (Argentina)"]
[Round "4"]
[White "Sunye Neto Jaime (BRA)"]
[Black "Rodriguez Jorge Luis (ARG)"]
[Result "1-0"]
[WhiteElo "2486"]
[BlackElo "2401"]

1.c4 g6 2.Nc3 Bg7 3.d4 Nf6 4.e4 d6 5.Be2 O-O 6.Bg5 h6 7.Be3 e5 8.d5 c6 9.h4 b5
10.cxb5 cxd5 11.exd5 Bb7 12.g4 Qa5 13.Kf1 Ne8 14.Qd2 Kh7 15.h5 g5 16.Nf3 f5
17.gxf5 Nf6 18.Bxg5 Nxd5 19.f6 Nxf6 20.Qc2+ e4 21.Bxf6 Bxf6 22.Nxe4 Kh8
23.Nxd6 Qb6 24.Qg6 Qxd6 25.Qxh6+ Kg8 26.Rg1+ Kf7 27.Qh7+ Ke6 28.Bc4+ {#r} 1-0

[Event "It (open)"]
[Site "masterchessopen.com Buenos Aires (Argentina)"]
[Round "6"]
[White "Marey Mauro (ARG)"]
[Black "Roca Alfredo (ARG)"]
[Result "1-0"]
[WhiteElo "2174"]
[BlackElo "2364"]

1.d4 Nf6 2.c4 g6 3.Nc3 Bg7 4.e4 d6 5.Be2 O-O 6.Bg5 h6 7.Be3 e5 8.d5 Na6 9.Qd2
Nc5 10.f3 a5 11.h4 h5 12.Nh3 Nh7 13.Nf2 f5 14.g3 a4 15.O-O-O a3 16.b3 f4
17.gxf4 exf4 18.Bd4 Be5 19.Bxe5 dxe5 20.Rdg1 Rf6 21.Nd3 Qe7 22.Nxc5 Qxc5
23.Nd1 b6 24.Qc3 Qe7 25.Nf2 c6 26.Nd3 cxd5 27.Nxe5 Qg7 28.cxd5 Bb7 29.Kb1 Rd6
30.Qa1 Bxd5 31.exd5 Re8 32.Nc4 {#r} 1-0

[Event "It (open)"]
[Site "masterchessopen.com Kavala (Greece)"]
[Round "0"]
[White "Petraki Maria (GRE)"]
[Black "Bologan Viktor (MDA)"]
[Result "0-1"]
[WhiteElo "2034"]
[BlackElo "2535"]

1.d4 Nf6 2.c4 g6 3.Nc3 Bg7 4.e4 O-O 5.Be2 d6 6.Bg5 h6 7.Be3 Nbd7 8.Qd2 c5 9.d5
Kh7 10.Nf3 b5 11.cxb5 a6 12.bxa6 Bxa6 13.O-O Qa5 14.Rfe1 Rfb8 15.Bxa6 Rxa6
16.Rab1 Ng4 17.Bf4 g5 18.Bg3 Nge5 19.Qe2 Rab6 20.Nxe5 Nxe5 21.Nd1 Qxa2 22.Ne3
Rxb2 23.Rxb2 Rxb2 24.Qh5 Rb1 25.Rf1 Rxf1+ 26.Nxf1 Ng6 27.Qf3 Kg8 28.h3 c4
29.Qf5 Bd4 30.Qc8+ Kg7 31.Qc7 Qe2 32.Qc6 Qxe4 {#R} 0-1

[Event "It"]
[Site "masterchessopen.com Kecskemet (Hungary)"]
[Round "0"]
[White "Krizsany Laszlo (HUN)"]
[Black "Van Wely Loek (NED)"]
[Result "0-1"]
[WhiteElo "2445"]
[BlackElo "2475"]

1.d4 Nf6 2.c4 g6 3.Nc3 Bg7 4.e4 d6 5.Be2 O-O 6.Bg5 h6 7.Be3 e5 8.d5 Nbd7 9.Qd2
Nc5 10.f3 Nh5 11.O-O-O Kh7 12.g4 Nf4 13.h4 Ng2 14.Bf2 Bf6 15.Bf1 Nxh4 16.Qe1
g5 17.Be3 a6 18.Qf2 Bd7 19.Nge2 Na4 20.Nxa4 Bxa4 21.Rd2 Bd7 22.Ng3 Rg8 23.Bd3
c5 24.dxc6 bxc6 25.Nf5 Bxf5 26.exf5 d5 27.Bb6 Qe7 28.Qe3 Kg7 29.Re2 Rge8
30.Bc5 Qb7 31.Bd6 Rad8 32.c5 Qb4 33.a3 Qb3 34.Bxa6 Qa2 35.Bd3 e4 36.fxe4 Qa1+
37.Bb1 Rxe4 38.Qf2 Rc4+ {#R} 0-1

[Event "Ch Denmark"]
[Site "masterchessopen.com Lyngby (Denmark)"]
[Round "0"]
[White "Berg Klaus (DEN)"]
[Black "Holst Allan (DEN)"]
[Result "1-0"]
[WhiteElo "2390"]
[BlackElo "2300"]

1.c4 Nf6 2.Nc3 g6 3.e4 d6 4.d4 Bg7 5.Be2 O-O 6.Bg5 h6 7.Be3 e5 8.d5 Na6 9.Qd2
h5 10.f3 Nh7 11.O-O-O Bf6 12.g3 Nc5 13.h4 a5 14.Nh3 Bxh3 15.Rxh3 a4 16.Rg1 Kh8
17.g4 Bxh4 18.g5 Bxg5 19.Bxg5 f6 20.Be3 Rg8 21.Bxc5 dxc5 22.Qh6 Qe8 23.a3 Qf7
24.Bd1 b6 25.Rhh1 {#r} 1-0

[Event "Ch World (juniors) (under 20)"]
[Site "masterchessopen.com Mamaia (Romania)"]
[Round "0"]
[White "Ceteras Marius (ROM)"]
[Black "Bologan Viktor (MDA)"]
[Result "0-1"]
[WhiteElo "2280"]
[BlackElo "2535"]

1.d4 Nf6 2.c4 g6 3.Nc3 Bg7 4.e4 O-O 5.Be2 d6 6.Bg5 h6 7.Be3 Nbd7 8.h3 e5 9.d5
Nc5 10.Qc2 Bd7 11.g4 c6 12.b4 cxd5 13.cxd5 Na6 14.a3 Qe7 15.g5 hxg5 16.Bxg5
Rfc8 17.Bf3 Nc7 18.Qd3 Qe8 19.Nge2 a5 20.bxa5 Na6 21.h4 Nh7 22.Qe3 f5 23.Bg2
Nc5 24.Qg3 f4 25.Qf3 Rxa5 26.Bh3 Nxg5 27.hxg5 Rca8 28.Bxd7 Qxd7 29.Nb1 Ra4
30.Nec3 Rd4 31.Rg1 Rc8 32.Ra2 Nxe4 33.Ne2 Qb5 {#R} 0-1

[Event "It (open)"]
[Site "masterchessopen.com Manila (Philippines)"]
[Round "-16"]
[White "Maga Mirabeau (PHI)"]
[Black "Wojtkiewicz Aleksander (USA)"]
[Result "0-1"]
[WhiteElo "2250"]
[BlackElo "2510"]

1.c4 g6 2.d4 Bg7 3.Nc3 Nf6 4.e4 d6 5.Be2 O-O 6.Bg5 h6 7.Be3 c5 8.d5 a6 9.Qd2
b5 10.f3 b4 11.Nd1 e6 12.Nf2 exd5 13.cxd5 h5 14.Ngh3 a5 15.Ng5 Ba6 16.Bxa6
Nxa6 17.O-O Nc7 18.Rfd1 Re8 19.Rac1 a4 20.a3 Rb8 21.axb4 Rxb4 22.Nd3 Rb3
23.Bf2 Nd7 24.h4 Ne5 25.Nxe5 Bxe5 26.Rc2 Qf6 27.Qa5 Nb5 28.Qxa4 Rb4 29.Qa6 Nd4
30.Rcd2 Qf4 31.Kf1 Qh2 32.Qa7 Rf8 33.Qe7 Qh1+ 34.Bg1 Qxh4 35.Ra1 Rbb8 36.g3
Bxg3 37.Rxd4 cxd4 38.Bxd4 Qh1+ 39.Ke2 Qxa1 {#R} 0-1

[Event "It (open)"]
[Site "masterchessopen.com Manila (Philippines)"]
[Round "39"]
[White "Rodriguez Ruben (PHI)"]
[Black "Datu Idelfonso (PHI)"]
[Result "1-0"]
[WhiteElo "2420"]
[BlackElo "2457"]

1.c4 Nf6 2.Nc3 g6 3.e4 d6 4.d4 Bg7 5.Be2 O-O 6.Bg5 h6 7.Be3 Kh8 8.g4 e5 9.d5
Ng8 10.h4 f5 11.g5 f4 12.Bd2 Bd7 13.Nh3 Qc8 14.gxh6 Bxh6 15.Ng5 Bxg5 16.hxg5+
Kg7 17.Bf3 Ne7 18.Ne2 Rh8 19.Rxh8 Qxh8 20.Qb3 Qc8 21.O-O-O Na6 22.Qc3 Nc5
23.Bxf4 Kf7 24.Rh1 Qg8 25.Be3 Qg7 26.Bxc5 dxc5 27.Qe3 b6 28.Bg2 Rf8 29.Bh3 Ke8
30.Bxd7+ Kxd7 31.f4 Rh8 32.Rf1 Rh5 33.Qc3 Qh8 34.fxe5 Kc8 35.e6 Qe8 36.Rf7 Qa4
37.Qb3 Qa5 {#r} 1-0

[Event "Ch World (team) (under 26)"]
[Site "masterchessopen.com Maringa (Brazil)"]
[Round "9"]
[White "Leitao Rafael (BRA)"]
[Black "Egger Jorge (CHI)"]
[Result "1-0"]
[WhiteElo "2622"]
[BlackElo "2439"]

1.d4 Nf6 2.c4 g6 3.Nc3 Bg7 4.e4 d6 5.Be2 O-O 6.Bg5 h6 7.Be3 c5 8.d5 e6 9.h3
exd5 10.exd5 Re8 11.Qd2 Kh7 12.Nf3 a6 13.a4 b6 14.O-O Bf5 15.Rae1 Ra7 16.Bd3
Bxd3 17.Qxd3 Rae7 18.Bf4 Nh5 19.Bh2 f5 20.Rxe7 Rxe7 21.g4 fxg4 22.hxg4 Nf6
23.Nh4 Qe8 24.Bxd6 Nxg4 25.Nxg6 Qxg6 26.Qxg6+ Kxg6 27.Bxe7 Nd7 28.Nd1 Bd4
29.Kg2 Nde5 30.b3 Nd3 31.Bd8 Nc1 32.Bxb6 Nxb3 33.d6 Nf6 34.Re1 Nd2 35.Re7 {#r}
1-0

[Event "It (open)"]
[Site "masterchessopen.com San Bernadino Brocco (Switzerland)"]
[Round "0"]
[White "Krueger Erich (GER)"]
[Black "Gallagher Joseph G (SUI)"]
[Result "0-1"]
[WhiteElo "2153"]
[BlackElo "2510"]

1.d4 Nf6 2.c4 g6 3.Nc3 Bg7 4.e4 d6 5.Be2 O-O 6.Bg5 h6 7.Be3 e5 8.d5 Nbd7 9.g4
Nc5 10.f3 a5 11.Qd2 h5 12.g5 Ne8 13.O-O-O Bd7 14.h4 Qb8 15.Nb5 a4 16.Kb1 c6
17.dxc6 Bxc6 18.Nc3 Ne6 19.Nh3 Nd4 20.Nd5 Qd8 21.Bxd4 exd4 22.Nhf4 a3 23.b3
Nc7 24.Rhg1 Bxd5 25.cxd5 d3 26.Nxd3 Nb5 27.e5 dxe5 28.Nxe5 Qc7 29.d6 Qc5
30.Bxb5 Qxe5 31.Bc4 b5 32.Bd5 Rac8 {#R} 0-1